| 000 | 01852nam a2200337Ia 4500 | ||
|---|---|---|---|
| 001 | CRC0KE13130PDF | ||
| 003 | BD-DhSAU | ||
| 005 | 20151012144258.0 | ||
| 006 | m|||||o||d|||||||| | ||
| 007 | cr|||| | ||
| 008 | 110518s2010 ne abd sbm 000 0 eng d | ||
| 020 | _a9780203093429 (ebook : PDF) | ||
| 040 |
_aBD-DhSAU _cBD-DhSAU |
||
| 090 |
_aSB110 _b.M37 2010 |
||
| 092 |
_a631.586 _bM235 |
||
| 100 | 1 | _aMakurira, Hodson. | |
| 245 | 1 | 0 |
_aWater productivity in rainfed agriculture _h[electronic resource] : _bredrawing the rainbow of water to achieve food security in rainfed smallholder systems / _cby Hodson Makurira. |
| 260 |
_aLeiden, The Netherlands : _bCRC Press/Balkema, _c2010. |
||
| 300 |
_axxvi, 143 p. : _bcol. ill., col. map. |
||
| 500 | _a"Dissertation submitted in fulfilment of the requirements of the Board for Doctorates of Delft University of Technology and of the Academic Board of the UNESCO-IHE Institute for Water Education for the Degree of Doctor to be defended in public on Wednesday, 23 June 2010 at 12:30 hours in Delft, The Netherlands." | ||
| 502 | _aDissertation (Ph. D.)--Delft University of Technology, 2010. | ||
| 504 | _aIncludes bibliographical references (p. [129]-138). | ||
| 505 | 0 | _ach. 1. Introduction -- ch. 2. Rainfed agriculture in sub-Saharan Africa -- ch. 3. The study area -- ch. 4. Research sites and observation techniques -- ch. 5. Water partitioning analysis using modelling techniques -- ch. 6. Productivity analysis. | |
| 530 | _aAlso available in print edition. | ||
| 538 | _aMode of access: World Wide Web. | ||
| 650 | 0 | _aDry farming. | |
| 650 | 0 | _aWater. | |
| 655 | 7 |
_aElectronic books. _2lcsh |
|
| 776 | 1 | _z9780415601207 | |
| 856 | 4 | 0 |
_uhttp://marc.crcnetbase.com/isbn/9780203093429 _qapplication/PDF |
| 999 |
_c10959 _d10958 |
||